000 00557nam a22002177a 4500
999 _c8654
_d8654
001 8654
003 BD-JhCC
005 20180920124155.0
008 180228s uk p|||| |||| 001 0 eng d
035 _a(BD-JhCC) 8654
040 _aBD-JhCC
_dBD-JhCC
041 _aeng
082 _a621.384156
_bDUN
100 _aJr, Orrin E. Dunlap
245 _aCommunication In Space /
_cOrrin E. Dunlap Jr
260 _aNew York
_bHarper & Row, Publishers
_cDUN
300 _a175. P:
_bIll
_c21 cm
650 _aTelecommunication
942 _2ddc
_cBK